"Sto dokumentov" 20. storočie a jeho odraz v regionálnej dokumentaristike

Bibliographic Details
Main Author: Jasenák, Ladislav, 1948-2000 (Author)
Format: Article
Language:Slovak
PhysicalDescription:Fotogr.
ISSN:1335-4515
Subjects:

MARC

LEADER 00000nab a2200000 a 4500
001 vtls000742970
003 SK-MaSNL
005 20260426071837.0
008 040806c2000 xo 0 slo
015 |a SNBRB2001/01-00489 
035 |a CLN000094808 
040 |a SNKBUCL  |b slo  |c SNKBUCL  |e AACR2 
041 0 |a slo 
044 |a xo  |c SK 
080 |a 930.25(437.6)"19/20"  |2 UDC-MRF-SK2 
100 1 |a Jasenák, Ladislav,  |d 1948-2000  |4 aut  |9 13391 
245 1 0 |a "Sto dokumentov"  |b 20. storočie a jeho odraz v regionálnej dokumentaristike  |c Ladislav Jasenák 
300 |b Fotogr. 
648 7 |a 20.-21.stor  |2 snkbucl  |9 524600 
650 0 7 |a kronikárstvo  |2 snkbucl  |9 70376 
651 7 |a Slovensko  |2 snkbucl  |9 14231 
655 7 |a články z novín a časopisov  |2 snkbucl  |9 267496 
773 0 |x 1335-4515  |t Národná osveta  |g Roč. 10, č. 18 (2000) 
773 0 |x 1335-4515  |t [Príl.] Slovenská kronika  |g Roč. 4, č. 5 (2000), s. 6 
850 |a Slovenská národná knižnica v Martine 
852 |a SNK  |b KIS3GCP 
999 |c 2682640  |d 2684570